000 00458nam a2200169Ia 4500
008 241206s9999||||xx |||||||||||||| ||und||
020 _c10.8
040 _beng
_cSSK Library
_erda
082 _a153.15/PIT
100 _a Betty Bell
245 0 _aPitman 2000 Shorthand; Student Learning Guide
250 _a1st ed
260 _b Pitman Publishing Limited
_c©1984
942 _2Dewey Decimal Classification
_cBOOK
_nNo
999 _c15952
_d15952
003 OSt
005 20241206223237.0